• 首页
  • 本馆介绍
  • 公告通知
  • 最新文献
  • 馆藏检索
  • 电子资源
  • 读者导购
  • 参考咨询
  • 我的图书馆
  • 登录
  • 详细信息显示
  • 放入我的书架
  • 预约/预借图书
  • 作者相关作品
  • 分类相关作品
  • 丛书相关作品
  • 出版社相关作品

书目信息

  • 表格格式
  • 工作单格式
  • 卡片格式
书名: Handbook of multiphase systems
作者: editor-in-chief, Gad Hetsroni
分册号:
分册名:
出版地: Washington :
 
出版社: Hemisphere Pub. Corp
出版时间: c1982.
页数: 1 v. (various pagings) :
开本: 25 cm.
丛书名:
中图分类号:
科图分类号:
其他分类号: O359
主题词:
电子资源:
000 00831nam 2200253 a 4500
001 E0761601794
005 20070302170842.59
008 00100 eng
008 uu
010    @a81006790 //r90
020    @a0070284601.
040    @aDLC @cDLC @dDLC
049    @aN5LA
050 00 @aTA357 @b.H29
082 00 @a532/.05 @219
090    @aO359
099    @dO359@ex1
245 00 @aHandbook of multiphase systems / @ceditor-in-chief, Gad Hetsroni
260 0  @aWashington :@bHemisphere Pub. Corp. ;@aNew York :@bMcGraw-Hill,@cc1982.
300    @a1 v. (various pagings) :@bill. ;@c25 cm.
504    @aIncludes bibliographies and index.
650  0 @aMultiphase flow @xHandbooks, manuals, etc.
700 10 @aHetsroni, Gad. @b00 @c20020930 @lNLC09 @h2248 @lNLC09 @h2321 @lNLC09 @h1913
852 9  @bWWJC @cJ08S @k2 @hO359-62 @iHG
    
    Handbook of multiphase systems / / editor-in-chief, Gad Hetsroni.-Washington : : Hemisphere Pub. Corp. ; ; New York : : McGraw-Hill, , c1982.
    1 v. (various pagings) : : ill. ; ; 25 cm.
    Includes bibliographies and index.
    
    ISBN 0070284601.
    
●
相关链接 在E读中查询图书 在五车中查询图书 在当当中查询图书 在豆瓣中查询图书


正题名:Handbook of multiphase systems     索取号:O359/x1         预约/预借

序号 登录号 条形码 馆藏地/架位号 状态 备注
1 182968   000453351   第二样本阅览室/ [索取号:O359/x1] 在馆    
2 182969   000453431   第四借阅区/ [索取号:O359/x1] 在馆    
唐山师范学院图书馆 欢迎您!
大连网信软件有限公司© 版权所有